|
|
|
|
| LEADER |
00000cam a2200000 7i4500 |
| 001 |
0000002567 |
| 005 |
20030812.0 |
| 020 |
0 |
0 |
|a 9836273190
|
| 090 |
0 |
0 |
|a 354.595001
|b ABD 2002
|
| 100 |
0 |
0 |
|a ABDUL Aziz Hussin
|c 1956-
|
| 245 |
1 |
0 |
|a Undang-undang yang mengenai kelakuan dan tatatertib penjawat awam :
|b hak dan tanggungjawab
|c Abdul Aziz Hussin
|
| 250 |
0 |
0 |
|a 2nd ed.
|
| 260 |
0 |
0 |
|a Kuala Lumpur :
|b Dewan Bahasa & Pustaka ,
|c 2002
|
| 300 |
|
|
|a xxxv, 419 p. ;
|c 23 cm.
|
| 500 |
0 |
0 |
|a Includes bibliography : p. 409-410 and index
|
| 650 |
0 |
0 |
|a Administrative agencies
|z Malaysia
|
| 650 |
0 |
0 |
|a Administrative agencies
|z Malaysia
|x Rules and practices
|
| 650 |
0 |
0 |
|a Civil service
|z Malaysia
|
| 998 |
|
|
|a JPSM
|
| 999 |
|
|
|a 0000004977
|b Monograph
|c Open Shelf
|e Default branch
|
| 999 |
|
|
|a 0000004978
|b Monograph
|c Reference
|e Default branch
|